[Event "GER-ch42 V06 email"]
[Site "GER email"]
[Date "2010.04.08"]
[Round "?"]
[White "Schultheiss, Klaus"]
[Black "Eger, Axel"]
[Result "1/2-1/2"]
[WhiteElo "2030"]
[BlackElo "2219"]
[PlyCount "96"]
[EventDate "2010.04.19"]
[EventType "tourn (corr)"]
[EventRounds "12"]
[EventCountry "GER"]
[SourceTitle "Corr 2015"]
[Source "ChessBase"]
[SourceDate "2015.07.17"]
[SourceVersion "1"]
[SourceVersionDate "2015.07.17"]
[SourceQuality "1"]
[WhiteTeam "Germany"]
[BlackTeam "Germany"]
[WhiteTeamCountry "GER"]
[BlackTeamCountry "GER"]

1. d4 Nf6 2. c4 g6 3. Nc3 Bg7 4. e4 d6 5. Nf3 0-0 6. Be2 e5 7. 0-0 Nc6 8. d5 Ne7 9. b4 Nh5 10. Re1 f5 11. Ng5 Nf6 12. f3 Kh8 13. Rb1 h6 14. Ne6 Bxe6 15. dxe6 fxe4 16. fxe4 Nc6 17. Nd5 Ng8 18. Bd3 Nd4 19. Qg4 g5 20. Bd2 c6 21. Nc3 Qc8 22. Ne2 Nf6 23. Qh3 Nxe6 24. Ng3 Nf4 25. Qxc8 Raxc8 26. Bf1 Rcd8 27. Rbd1 Ne6 28. Bc3 Nd4 29. Bd3 Nd7 30. a3 Nb6 31. Bb2 Rd7 32. h3 Rdf7 33. Rd2 Re8 34. Rdd1 Rd7 35. Bc3 Ra8 36. Rf1 Na4 37. Ba1 a5 38. Nf5 Nb3 39. Bc2 Nxa1 40. Rxa1 Nc3 41. Rae1 axb4 42. axb4 Na2 43. b5 Nb4 44. Bb3 Nd3 45. Ra1 Rad8 46. Ra5 Bf8 47. Rd1 Nc5 48. bxc6 bxc6 1/2-1/2